000 01141cam a22002175a 4500
001 L151309
008 101019e20101015xxk 000 0 eng d
035 _a(Sirsi) u151309
041 0 _aeng
100 1 _aEade, Christine
245 0 0 _aMarkets
_bBristol, Bath and Swindon
260 _c2010
490 0 _aProperty Week
_v76 (41) 15 October 2010, 59-76(5)
520 _aBBC's signing of studio lease at Bristol's Paintworks points to Paintworks as location for its planned 2015 office and studio move. Swindon to go ahead with £100m development of derelict Swindon College site. Avonmouth turns down plans for oil refinery and two waste disposal plants to the north-west of Bristol. Banana Republic chooses Union Street traditional location over Bath's new youth-orientated shopping centre. Environment Agency will relocate its national HQ to WestOne in central Bristol at Christmas. Redevelopment rights for riverside Bristol General Hospital available for £7m.
590 _aKA
651 4 _aBristol
651 4 _aBath
651 4 _aSwindon
690 _aPROPERTY-COMMERCIAL PROPERTY-COMMERCIAL PROPERTY MARKET
942 _n0
999 _c82759
_d82759